000 00712nam a22002297a 4500
003 UA-OsUOA
001 48114
007 ta
008 20121202b un ||||| |||| 00| 0 ukr d
090 _a017
_bУ91
942 _cBK
040 _aUA-OsUOA
_bukr
_cUA-OsUOA
_dUA-OsUOA
245 _aУчені ВУЗів Української РСР
300 _a515 с.
955 _a1
041 _aukr
080 _a017
260 _bВ-во Киїівського університету
_c1968
650 7 _a01 Бібліографія і бібліографії. Каталоги
_2UDC
999 _c428217
_d428217